[Event "Kecskemet Nyar op"]
[Site "Kecskemet"]
[Date "1999.08.10"]
[Round "2"]
[White "Kovacs, Adrian"]
[Black "Sutorikhin, Jevgenij"]
[Result "0-1"]
[WhiteElo "2166"]
[BlackElo "2375"]
[PlyCount "96"]
[EventDate "1999.08.09"]
[EventType "swiss"]
[EventRounds "9"]
[EventCountry "HUN"]
[SourceTitle "EXT 2008"]
[Source "ChessBase"]
[SourceDate "2007.11.25"]
[SourceVersion "1"]
[SourceVersionDate "2007.11.25"]
[SourceQuality "1"]

1. c4 Nc6 2. Nc3 Nf6 3. g3 e6 4. Bg2 d5 5. cxd5 exd5 6. d4 Bb4 7. a3 Bxc3+ 8. bxc3 0-0 9. Bg5 Be6 10. Nh3 h6 11. Bxf6 Qxf6 12. Nf4 Rad8 13. Qa4 g5 14. Nd3 Bf5 15. 0-0 Rfe8 16. Rfe1 Qg6 17. Nc5 b6 18. Na6 Re7 19. Qb5 Na5 20. Bxd5 c6 21. Qb4 Rde8 22. Bg2 Rxe2 23. Rxe2 Rxe2 24. Bf3 Re8 25. Nc7 Rd8 26. Re1 g4 27. Bg2 Qd6 28. Qxd6 Rxd6 29. Re8+ Kh7 30. Be4 Bg6 31. Re7 Bxe4 32. Rxe4 h5 33. Re7 Kg6 34. Na8 Re6 35. Rxa7 Re1+ 36. Kg2 Nc4 37. f4 Re2+ 38. Kg1 Ne3 39. Re7 Rg2+ 40. Kh1 Re2 41. Kg1 Rg2+ 42. Kh1 Re2 43. Kg1 b5 44. d5 Rg2+ 45. Kh1 Nxd5 46. Rd7 Ra2 47. Rd6+ Kf5 48. Rxc6 Ke4 0-1

[Event "Gyongyos op"]
[Site "Gyongyos"]
[Date "1994.??.??"]
[Round "?"]
[White "Sotnikov, Igor"]
[Black "Sutorikhin, Jevgenij"]
[Result "0-1"]
[WhiteElo "2340"]
[BlackElo "2350"]
[PlyCount "80"]
[EventDate "1994.08.??"]
[EventType "swiss"]
[EventRounds "9"]
[EventCountry "HUN"]
[SourceTitle "EXT 1998"]
[Source "ChessBase"]
[SourceDate "1997.11.17"]
[SourceVersion "1"]
[SourceVersionDate "1997.11.17"]
[SourceQuality "1"]

1. d4 d6 2. c4 Nf6 3. Nc3 Nbd7 4. e4 e5 5. d5 Be7 6. Bd3 c6 7. Nge2 0-0 8. 0-0 a6 9. Ng3 cxd5 10. exd5 g6 11. Kh1 Ne8 12. f4 f5 13. fxe5 Nxe5 14. Be3 Bf6 15. Bd4 Bg7 16. Be2 Qh4 17. Bf2 Qh6 18. c5 Bd7 19. Qc1 g5 20. Qd2 Rc8 21. c6 bxc6 22. dxc6 Rxc6 23. Nd5 Rf7 24. Bh5 Ng6 25. Bxg6 hxg6 26. Be3 f4 27. Nxf4 gxf4 28. Bxf4 Qh4 29. Ne4 Rc4 30. Qd5 Rd4 31. Qxf7+ Kxf7 32. Bg5+ Nf6 33. Bxh4 Rxe4 34. Bg3 Re2 35. Rf2 Rxf2 36. Bxf2 Ne4 37. Be3 Bxb2 38. Rb1 Be5 39. Rb6 Bb5 40. a4 Be2 0-1

[Event "Gyongyos op"]
[Site "Gyongyos"]
[Date "1994.??.??"]
[Round "?"]
[White "Sutorikhin, Jevgenij"]
[Black "Okhotnik, Vladimir"]
[Result "0-1"]
[WhiteElo "2350"]
[BlackElo "2400"]
[PlyCount "65"]
[EventDate "1994.08.??"]
[EventType "swiss"]
[EventRounds "9"]
[EventCountry "HUN"]
[SourceTitle "EXT 1998"]
[Source "ChessBase"]
[SourceDate "1997.11.17"]
[SourceVersion "1"]
[SourceVersionDate "1997.11.17"]
[SourceQuality "1"]

1. d4 d6 2. Nf3 Bg4 3. Bf4 Bxf3 4. gxf3 Nd7 5. c3 e5 6. Bg3 g6 7. Qb3 Rb8 8. e3 Bg7 9. Nd2 exd4 10. cxd4 Nh6 11. Bd3 0-0 12. h4 Nf6 13. Bf4 Nh5 14. Bxh6 Bxh6 15. f4 c5 16. dxc5 dxc5 17. Be2 Nf6 18. h5 Bg7 19. hxg6 hxg6 20. 0-0-0 b5 21. Nf3 Qa5 22. Kb1 Ne4 23. Rh2 Rbd8 24. Qc2 Rxd1+ 25. Bxd1 Rd8 26. Qxe4 Rxd1+ 27. Kc2 Qd8 28. f5 Ra1 29. Nd2 Rxa2 30. f4 Rxb2+ 31. Kc1 gxf5 32. Qxf5 c4 33. Rg2 0-1

[Event "Vladivostok op"]
[Site "Vladivostok"]
[Date "1990.??.??"]
[Round "?"]
[White "Budnikov, Alexandar"]
[Black "Sutorikhin, Jevgenij"]
[Result "1-0"]
[WhiteElo "2400"]
[BlackElo "2320"]
[PlyCount "81"]
[EventDate "1990.??.??"]
[EventType "swiss"]
[EventRounds "11"]
[EventCountry "URS"]
[SourceTitle "EXT 1997"]
[Source "ChessBase"]
[SourceDate "1996.11.15"]
[SourceVersion "1"]
[SourceVersionDate "1996.11.15"]
[SourceQuality "1"]

1. c4 Nf6 2. Nc3 e6 3. d4 d5 4. cxd5 exd5 5. Bg5 Be7 6. e3 0-0 7. Bd3 Nbd7 8. Qc2 Re8 9. Nf3 Nf8 10. h3 c6 11. 0-0-0 Be6 12. g4 Rc8 13. Kb1 Qa5 14. Nd2 N6d7 15. Bxe7 Rxe7 16. f4 f6 17. e4 dxe4 18. Ndxe4 Qc7 19. f5 Bf7 20. h4 Nb6 21. g5 Nfd7 22. h5 fxg5 23. h6 Nd5 24. Qg2 Qf4 25. Ne2 Ne3 26. Qg1 Qf3 27. Qxg5 Nxf5 28. Rhf1 Qe3 29. Rxf5 Qxg5 30. Rxg5 Bg6 31. N4c3 Bxd3+ 32. Rxd3 g6 33. d5 Nc5 34. Rd4 cxd5 35. Rgxd5 Ne6 36. Re4 Kf7 37. Rde5 Ree8 38. Nf4 Nxf4 39. Rxf4+ Kg8 40. Rxe8+ Rxe8 41. Ne4 1-0